<?xml version="1.0" encoding="UTF-8"?>
<record
    xmlns:xsi="http://www.w3.org/2001/XMLSchema-instance"
    xsi:schemaLocation="http://www.loc.gov/MARC21/slim http://www.loc.gov/standards/marcxml/schema/MARC21slim.xsd"
    xmlns="http://www.loc.gov/MARC21/slim">

  <leader>01016nam a22002657a 4500</leader>
  <controlfield tag="005">2011080406576.0</controlfield>
  <controlfield tag="008">090728t        xxu||||| |||| 00| 0 pun d</controlfield>
  <datafield tag="010" ind1=" " ind2=" ">
    <subfield code="a">PUN-7037</subfield>
  </datafield>
  <datafield tag="020" ind1=" " ind2=" ">
    <subfield code="c">200.00</subfield>
  </datafield>
  <datafield tag="035" ind1=" " ind2=" ">
    <subfield code="a">PN-6155</subfield>
  </datafield>
  <datafield tag="037" ind1=" " ind2=" ">
    <subfield code="b">DBAD / PUB</subfield>
  </datafield>
  <datafield tag="040" ind1=" " ind2=" ">
    <subfield code="a">dpl</subfield>
    <subfield code="b">pn</subfield>
  </datafield>
  <datafield tag="082" ind1=" " ind2=" ">
    <subfield code="a">260</subfield>
  </datafield>
  <datafield tag="100" ind1=" " ind2=" ">
    <subfield code="9">24414</subfield>
    <subfield code="a">&#xA06;&#xA1C;&#xA3C;&#xA3E;&#xA26; &#xA1C;&#xA32;&#xA70;&#xA27;&#xA30;&#xA40;</subfield>
  </datafield>
  <datafield tag="245" ind1=" " ind2=" ">
    <subfield code="a">&#xA38;&#xA71;&#xA1A;&#xA40; &#xA2A;&#xA4D;&#xA30;&#xA40;&#xA24;&#xA3F; /</subfield>
    <subfield code="c">&#xA06;&#xA1C;&#xA3C;&#xA3E;&#xA26; &#xA1C;&#xA32;&#xA70;&#xA27;&#xA30;&#xA40; &#xA24;&#xA47; &#xA1C;&#xA70;&#xA17; &#xA38;&#xA3F;&#xA70;&#xA18; &#xA17;&#xA3F;&#xA06;&#xA28;&#xA40;</subfield>
  </datafield>
  <datafield tag="246" ind1=" " ind2=" ">
    <subfield code="a">Sachi preet</subfield>
    <subfield code="b">by Azad Jalandgari</subfield>
  </datafield>
  <datafield tag="260" ind1=" " ind2=" ">
    <subfield code="a">Ludhiana</subfield>
    <subfield code="b">Punjabi Writers Coopretive Society </subfield>
    <subfield code="c">2005</subfield>
  </datafield>
  <datafield tag="270" ind1=" " ind2=" ">
    <subfield code="a">345-A, Model Town Extn.</subfield>
    <subfield code="b">Ludhiana</subfield>
  </datafield>
  <datafield tag="300" ind1="4" ind2=" ">
    <subfield code="a">224&#xA38;&#xA2B;&#xA47;.</subfield>
    <subfield code="c">24&#xA38;&#xA47;&#xA02;&#xA2E;&#xA40; (&#xA38;&#xA1C;&#xA3F;&#xA32;&#xA71;&#xA26;)</subfield>
  </datafield>
  <datafield tag="600" ind1=" " ind2=" ">
    <subfield code="9">31401</subfield>
  </datafield>
  <datafield tag="650" ind1=" " ind2=" ">
    <subfield code="9">24431</subfield>
  </datafield>
  <datafield tag="700" ind1=" " ind2=" ">
    <subfield code="9">33297</subfield>
    <subfield code="a">&#xA1C;&#xA70;&#xA17; &#xA38;&#xA3F;&#xA70;&#xA18; &#xA17;&#xA3F;&#xA06;&#xA28;&#xA40;</subfield>
  </datafield>
  <datafield tag="942" ind1=" " ind2=" ">
    <subfield code="2">ddc</subfield>
    <subfield code="c">PN</subfield>
    <subfield code="h">260</subfield>
    <subfield code="m">&#xA06;&#xA1C;&#xA3C;&#xA3E;&#xA26;</subfield>
  </datafield>
  <datafield tag="999" ind1=" " ind2=" ">
    <subfield code="c">55974</subfield>
    <subfield code="d">55974</subfield>
  </datafield>
  <datafield tag="952" ind1=" " ind2=" ">
    <subfield code="0">0</subfield>
    <subfield code="1">0</subfield>
    <subfield code="2">ddc</subfield>
    <subfield code="4">0</subfield>
    <subfield code="7">0</subfield>
    <subfield code="8">NFIC</subfield>
    <subfield code="a">DBAD</subfield>
    <subfield code="b">DBAD</subfield>
    <subfield code="d">2011-08-25</subfield>
    <subfield code="e">DBAD/PUB</subfield>
    <subfield code="g">200.00</subfield>
    <subfield code="l">0</subfield>
    <subfield code="o">260 &#xA06;&#xA1C;&#xA3C;&#xA3E;&#xA26;</subfield>
    <subfield code="p">PN-6155</subfield>
    <subfield code="r">2011-08-25 00:00:00</subfield>
    <subfield code="t">1</subfield>
    <subfield code="v">200.00</subfield>
    <subfield code="w">2011-08-25</subfield>
    <subfield code="y">PN</subfield>
  </datafield>
</record>
